000 01427cam a22002054a 4500
005 20250605164022.0
008 250528s ||||||||||||||||||||||||d
035 _a16367
020 _a9603410101
040 _aGR-AtMCL
_bgre
_dGR-AtMCL
_eAACR2
245 1 _aΣτατιστικά Στοιχεία 5 / Ενεργειακοί Πίνακες Εισροών - Εκροών της Ελληνικής Οικονομίας Ετών 1980 και 1985
260 _bΚέντρο Προγραμματισμού Και Οικονομικών Ερευνών,
_c1994
300 _a120
520 _aΕισαγωγή, Χαρακτηριστικά Ενεργειακών Πινάκων Εισροών - Εκροών, Ενεργειακός Πίνακας Εισροών - Εκροών Έτους 1980, Ενεργειακός Υποπίνακας Εισροών - Εκροών, Μη Ενεργειακός Υποπίνακας Εισροών - Εκροών, Ενεργειακός Πίνακας Εισροών - Εκροών Έτους 1985, Ενεργειακός Υποπίνακας Εισροών - Εκροών, Μη Ενεργειακός Υποπίνακας Εισροών - Εκροών, Παράρτημα Πινάκων, Βιβλιογραφία.
700 1 _aΛίβας Πέτρος Χ
_92461
700 1 _aΧονδρονικόλας Κωνσταντίνος Γ
_92462
942 _cBK
999 _c1876
_d1876